| 000 | 00528nam a2200193Ia 4500 | ||
|---|---|---|---|
| 008 | 160303s9999 xx 000 0 und d | ||
| 020 | _a978-971-93768-0-4 | ||
| 050 | _aFIL HB 615 | ||
| 050 | _b.E58 2007 c.2 | ||
| 245 | _aEntrepreneurship : | ||
| 245 | _bcreating, building and growing your business enterprise! / | ||
| 260 | _aManila: | ||
| 260 | _bCenter for Small Entrepreneurs, Inc., | ||
| 260 | _c2007 | ||
| 300 | _a144 pages : | ||
| 300 | _billustrations ; | ||
| 300 | _c25 cm. | ||
| 650 | _aEntrepreneurship. | ||
| 999 |
_c291361 _d291361 |
||